000 00903nam a2200265 a 4500
003 DO-SdBNP
005 20210810135150.0
008 190403s2016 dr 000 0 spa d
020 _a9789945086768
040 _aBPMSU
_bspa
_cBPMSU
082 _aRD863.5
_bC117D 2016
_222
100 1 _aCabrera, Altagracia
_d1956-
245 1 0 _a¡Dios, hazme "blanca"! :
_brogaba la niña "negra" /
_cAltagracia Cabrera.
260 _aSanto Domingo :
_bTalleres Gráficos 16,
_c2016.
300 _a167 p. ;
_c23 cm.
500 _aIncluye datos biográficos del autora en la solapa de la cubierta
590 _aInventariado, 2021/VM
650 4 _aNovela dominicana
650 4 _aLiteratura dominicana
650 4 _aDiscriminación racial.
_vNovela
_x
_x
650 4 _aRelaciones raciales
_vnovela
651 4 _aRepública Dominicana
_xVida social y costumbres
_vNovela.
910 _aVMateo V.
942 _2ddc
_cBK
999 _c13637
_d13637